[Event "13sen.WMH 2003 Senioren"]
[Site "Bad Zwischenahn(17.11.-29.11.2003)"]
[Date "2003.??.??"]
[Round "10.8"]
[White "Karasev, Vladimir"]
[Black "Rosen, Willy"]
[Result "1-0"]
[WhiteElo "2415"]
[BlackElo "2275"]
[PlyCount "69"]


1. Nf3 Nf6 2. c4 e6 3. g3 b6 4. Bg2 Bb7 5. O-O Be7 6. d4 O-O 7. Nc3 Ne4 8. Bd2
f5 9. Rc1 Bf6 10. d5 Bxc3 11. Bxc3 exd5 12. cxd5 c5 13. dxc6 dxc6 14. Qb3+ Kh8
15. Bb4 Re8 16. Rfd1 Qc7 17. Nd2 c5 18. Nxe4 Bxe4 19. Bxe4 fxe4 20. Qd5 Nc6 21.
Bc3 Rad8 22. Qg5 Qf7 23. Rxd8 Rxd8 24. b4 Qe7 25. Qxe7 Nxe7 26. bxc5 bxc5 27.
Ba5 Rd5 28. Rc4 e3 29. fxe3 Nc6 30. Bc3 Kg8 31. e4 Rh5 32. Kg2 Nd4 33. Bxd4
cxd4 34. Rc8+ Kf7 35. Rc7+ 1-0

[Event "13sen.WMH 2003 Senioren"]
[Site "Bad Zwischenahn(17.11.-29.11.2003)"]
[Date "2003.??.??"]
[Round "10.9"]
[White "Zhelesny, Stanislaw"]
[Black "Hecht, Hans-Joachim"]
[Result "0-1"]
[WhiteElo "2228"]
[BlackElo "2384"]
[PlyCount "74"]


1. Nf3 Nf6 2. g3 b6 3. Bg2 Bb7 4. d4 e6 5. O-O Be7 6. c4 O-O 7. Nc3 Ne4 8. d5
Nxc3 9. bxc3 Na6 10. Nd4 Nc5 11. Ba3 Rb8 12. Rb1 Re8 13. Qc2 Bf8 14. Rfd1 Qc8
15. Nb5 Ra8 16. Nd4 e5 17. Nb3 Nxb3 18. Bxf8 Na5 19. Bxg7 Kxg7 20. Qf5 Qd8 21.
Be4 Rh8 22. Rd3 d6 23. Qg4+ Kf8 24. Rf3 Rg8 25. Qh5 Rg7 26. Bxh7 Qe7 27. h4 Bc8
28. Bf5 Kg8 29. Bxc8 Rxc8 30. Rf5 Nb7 31. e4 Nc5 32. Re1 Nd3 33. Re3 Nf4 34.
Qd1 Qxh4 35. Rf3 Qh3 36. R3xf4 exf4 37. Rxf4 Rxg3+ 0-1

[Event "13sen.WMH 2003 Senioren"]
[Site "Bad Zwischenahn(17.11.-29.11.2003)"]
[Date "2003.??.??"]
[Round "10.10"]
[White "Zakharchenko, Arnold"]
[Black "Boehnisch, Manfred"]
[Result "1-0"]
[WhiteElo "2331"]
[BlackElo "2350"]
[PlyCount "69"]


1. d4 d5 2. c4 c6 3. Nc3 dxc4 4. e4 b5 5. a4 e5 6. Nf3 exd4 7. Qxd4 Qxd4 8.
Nxd4 b4 9. Nd1 Ba6 10. Be3 Nf6 11. f3 Nfd7 12. Rc1 c3 13. bxc3 bxc3 14. Nxc3
Bxf1 15. Rxf1 Nb6 16. Ke2 Bb4 17. Na2 Ba3 18. Rc2 Nxa4 19. Nb5 cxb5 20. Rc8+
Ke7 21. Rxh8 Bd6 22. Rb1 a6 23. f4 h6 24. e5 Bc5 25. Rc1 Bxe3 26. Kxe3 Nb6 27.
Rc7+ N8d7 28. Rxa8 Nd5+ 29. Kd4 Nxc7 30. Ra7 Ne6+ 31. Ke3 g5 32. f5 Nd8 33. Nb4
Ke8 34. Kd4 Nb8 35. Kd5 1-0

[Event "13sen.WMH 2003 Senioren"]
[Site "Bad Zwischenahn(17.11.-29.11.2003)"]
[Date "2003.??.??"]
[Round "10.11"]
[White "Oelert, Ralf"]
[Black "Arkhangelsky, Boris"]
[Result "0-1"]
[WhiteElo "1944"]
[BlackElo "2269"]
[PlyCount "98"]


1. d4 d5 2. e3 c6 3. Bd3 Nf6 4. f4 c5 5. c3 c4 6. Bc2 g6 7. Nf3 Bf5 8. Ba4+
Nbd7 9. Ne5 a6 10. Nd2 b5 11. Bc2 Bxc2 12. Qxc2 e6 13. e4 Bh6 14. Nxd7 Nxd7 15.
O-O O-O 16. e5 a5 17. a3 Qb6 18. Nf3 Bg7 19. g4 Rab8 20. Qf2 f6 21. Kh1 f5 22.
g5 Ra8 23. Bd2 Nb8 24. h4 Kf7 25. Kg2 Nc6 26. Rh1 b4 27. h5 Rfb8 28. a4 bxc3
29. Bxc3 Qc7 30. Nh4 Rb3 31. Qe2 Ne7 32. Nf3 Qd7 33. Qe1 Rab8 34. Qc1 Qb7 35.
Ra2 Nc6 36. Nh4 Nb4 37. Ra3 Nd3 38. Rxb3 Qxb3 39. hxg6+ hxg6 40. Qd2 Qxa4 41.
Kg3 Rb3 42. Nf3 Rb8 43. Rh7 Rh8 44. Qh2 Rxh7 45. Qxh7 Qc2 46. Bd2 Qd1 47. Nh4
Qxd2 48. Qxg6+ Kf8 49. Ng2 Qxg2+ 0-1

[Event "13sen.WMH 2003 Senioren"]
[Site "Bad Zwischenahn(17.11.-29.11.2003)"]
[Date "2003.??.??"]
[Round "10.12"]
[White "Wagner, Carl[40USA]"]
[Black "Uhlmann, Wolfgang"]
[Result "0-1"]
[WhiteElo "2245"]
[BlackElo "2405"]
[PlyCount "56"]


1. c4 Nf6 2. Nc3 g6 3. g3 c5 4. Bg2 d6 5. e3 Bg7 6. Nge2 Nc6 7. O-O Bd7 8. b3
h5 9. h4 Qc8 10. Bb2 O-O 11. Nd5 Nxd5 12. Bxg7 Nxe3 13. dxe3 Kxg7 14. Nf4 Ne5
15. Qd2 Bc6 16. e4 Rb8 17. Nd5 Bxd5 18. exd5 b5 19. Rae1 bxc4 20. f4 Ng4 21.
bxc4 Qf5 22. Rxe7 Qf6 23. Re2 Rfe8 24. Rxe8 Rxe8 25. Bf3 Ne3 26. Rc1 Nf5 27.
Kg2 Rb8 28. Be4 Rb2 0-1

[Event "13sen.WMH 2003 Senioren"]
[Site "Bad Zwischenahn(17.11.-29.11.2003)"]
[Date "2003.??.??"]
[Round "10.14"]
[White "Piankov, Evgenij"]
[Black "Joksic, Sinisa"]
[Result "1/2-1/2"]
[WhiteElo "2370"]
[BlackElo "2271"]
[PlyCount "111"]


1. d4 g6 2. c3 d6 3. e4 Nf6 4. Qc2 Bg7 5. Nf3 O-O 6. Bg5 h6 7. Bh4 Nc6 8. Nbd2
g5 9. Bg3 Nh5 10. Bc4 e5 11. dxe5 Nxe5 12. Bxe5 dxe5 13. O-O-O Qf6 14. Nf1 Nf4
15. Ne1 Be6 16. Bxe6 Qxe6 17. g3 Nh3 18. Kb1 f5 19. Ne3 fxe4 20. Rf1 Rf7 21.
Qxe4 Nxf2 22. Qxb7 Raf8 23. Rc1 Qg6+ 24. N1c2 c6 25. Qa6 Qh5 26. Qxc6 Qxh2 27.
g4 Kh7 28. Rg1 Rf4 29. Nf5 R8xf5 30. gxf5 Rxf5 31. Ne3 Nd3 32. Qb7 Rf2 33. Rg2
Qf4 34. Rxf2 Qxe3 35. Rff1 Nxc1 36. Rf7 Qd3+ 37. Kxc1 Qg6 38. Re7 g4 39. Rxe5
g3 40. Re1 h5 41. Qf3 g2 42. Rg1 Bh6+ 43. Kd1 Qb1+ 44. Ke2 Qxg1 45. Qf7+ Kh8
46. Qe8+ Kg7 47. Qe7+ Kg6 48. Qe6+ Kg5 49. Qe7+ Kg4 50. Qe6+ Kh4 51. Qe4+ Kg5
52. Qe5+ Kg4 53. Qe6+ Kg3 54. Qg6+ Kh4 55. Qe4+ Kg5 56. Qe5+ 1/2-1/2

[Event "13sen.WMH 2003 Senioren"]
[Site "Bad Zwischenahn(17.11.-29.11.2003)"]
[Date "2003.11.29"]
[Round "10.15"]
[White "Lieb, Harald"]
[Black "Ofstad, Per"]
[Result "0-1"]
[WhiteElo "2273"]
[BlackElo "2180"]
[PlyCount "68"]


1. d4 d5 2. c4 c6 3. Nf3 Nf6 4. Nc3 e6 5. g3 Nbd7 6. Bg2 Be7 7. O-O O-O 8. b3
b6 9. Bb2 Ba6 10. cxd5 cxd5 11. Re1 Rc8 12. a3 Ne4 13. Nxe4 dxe4 14. Nd2 f5 15.
f3 e3 16. Nf1 f4 17. gxf4 Bd6 18. d5 e5 19. fxe5 Nxe5 20. Ng3 Rf4 21. Rc1 Rh4
22. Rxc8 Bxc8 23. Qc1 Bd7 24. b4 Rxh2 25. Qxe3 Nc4 26. Qf2 Qh4 27. Nf1 Rxg2+
28. Kxg2 Qg5+ 29. Kh1 Nxb2 30. Rb1 Nc4 31. e4 Qf4 32. Rb3 g6 33. Rc3 b5 34. Ne3
Be5 0-1

[Event "13sen.WMH 2003 Senioren"]
[Site "Bad Zwischenahn(17.11.-29.11.2003)"]
[Date "2003.11.29"]
[Round "10.16"]
[White "Winiwarter, Felix,Dr."]
[Black "Hermann, Manfred[42Oldenb]"]
[Result "1-0"]
[WhiteElo "2244"]
[BlackElo "2281"]
[PlyCount "57"]


1. d4 d5 2. c4 Nc6 3. Nf3 Bg4 4. cxd5 Bxf3 5. gxf3 Qxd5 6. e3 e5 7. Nc3 Bb4 8.
Bd2 Bxc3 9. bxc3 Qd6 10. Rg1 Nge7 11. f4 exf4 12. e4 Ng6 13. Qf3 Rd8 14. Rd1
O-O 15. h4 Rfe8 16. h5 Qd5 17. Bd3 f5 18. hxg6 fxe4 19. gxh7+ Kh8 20. Qg4 exd3+
21. Kf1 Re7 22. Bxf4 Qxa2 23. Rxd3 Qc4 24. Rgg3 Rde8 25. Kg1 Qd5 26. Rde3 Kxh7
27. Bh6 Qf7 28. Bxg7 Rxe3 29. Qh3+ 1-0

[Event "13sen.WMH 2003 Senioren"]
[Site "Bad Zwischenahn(17.11.-29.11.2003)"]
[Date "2003.??.??"]
[Round "10.17"]
[White "Kraidman, Yair"]
[Black "Lentze, Ingo,Dr."]
[Result "1-0"]
[WhiteElo "2320"]
[BlackElo "2200"]
[PlyCount "117"]


1. d4 Nf6 2. c4 g6 3. Nc3 Bg7 4. e4 d6 5. f3 O-O 6. Be3 c5 7. dxc5 dxc5 8. Qxd8
Rxd8 9. Bxc5 Nc6 10. Ba3 e6 11. Nge2 b6 12. Rd1 Ba6 13. Nb5 Ne8 14. Nec3 Bxb5
15. cxb5 Na5 16. Bb4 Rac8 17. Rxd8 Rxd8 18. Be2 Bd4 19. Bxa5 bxa5 20. Kd2 f5
21. exf5 gxf5 22. Kc2 Be3 23. Rd1 Rxd1 24. Nxd1 Bg1 25. h3 Kf8 26. g4 Ke7 27.
gxf5 exf5 28. Nc3 Nc7 29. Bd3 Kf6 30. Kb3 Bb6 31. Bc4 Ke5 32. Ne2 Ne8 33. Bd3
h6 34. Ka4 Nd6 35. b4 Nb7 36. f4+ Kf6 37. Bc2 axb4 38. Kxb4 Bf2 39. a4 Ke6 40.
Kc4 Nd6+ 41. Kd3 Kd5 42. Bb3+ Kc5 43. Nc3 Kb4 44. Bd1 Nc4 45. Nd5+ Kc5 46. Bb3
Kxd5 47. Bxc4+ Kd6 48. a5 Be1 49. b6 axb6 50. a6 Kc7 51. Be6 b5 52. Bxf5 Bg3
53. Ke3 b4 54. Bd3 Bh2 55. Ke4 Bg1 56. Kd5 Be3 57. f5 Kd7 58. Bb5+ Ke7 59. Kc6
1-0

[Event "13sen.WMH 2003 Senioren"]
[Site "Bad Zwischenahn(17.11.-29.11.2003)"]
[Date "2003.11.29"]
[Round "10.19"]
[White "Ljubarskij, Jurij"]
[Black "Bierwisch, Bernhard"]
[Result "0-1"]
[WhiteElo "2212"]
[BlackElo "2109"]
[PlyCount "104"]


1. e4 c5 2. Nc3 Nc6 3. f4 g6 4. Nf3 Bg7 5. Bb5 Nd4 6. Nxd4 cxd4 7. Ne2 Qb6 8.
Bc4 Nh6 9. d3 f5 10. e5 d6 11. c3 dxe5 12. fxe5 dxc3 13. Nxc3 Ng4 14. Qe2 e6
15. Bb5+ Kf7 16. d4 Qxd4 17. h3 Nxe5 18. Be3 Qh4+ 19. Bf2 Qe7 20. O-O a6 21.
Ba4 Rd8 22. Bb6 Bd7 23. Bxd8 Rxd8 24. Bb3 Qc5+ 25. Kh1 Ke7 26. Rac1 Qa5 27.
Rfd1 Bc6 28. Rxd8 Qxd8 29. Rd1 Qc7 30. Qf2 Kf7 31. Qd2 Nf3 32. Qd6 Qxd6 33.
Rxd6 Nd4 34. Rd8 Bf6 35. Rc8 Nxb3 36. axb3 e5 37. Rc7+ Be7 38. Kg1 Ke8 39. Rc8+
Bd8 40. Kf2 Kd7 41. Ra8 f4 42. Na4 e4 43. Nc5+ Ke7 44. b4 Bb6 45. g3 a5 46.
Rxa5 Bxa5 47. bxa5 Kd6 48. b4 g5 49. gxf4 gxf4 50. a6 bxa6 51. Nxa6 e3+ 52. Kf1
f3 0-1

[Event "13sen.WMH 2003 Senioren"]
[Site "Bad Zwischenahn(17.11.-29.11.2003)"]
[Date "2003.??.??"]
[Round "10.21"]
[White "Dornieden, Manfred,Prof.Dr."]
[Black "Villing, Dieter"]
[Result "0-1"]
[WhiteElo "2265"]
[BlackElo "2175"]
[PlyCount "96"]


1. c4 e5 2. Nc3 c6 3. Nf3 d6 4. d3 Nf6 5. g3 Be7 6. Bg2 O-O 7. O-O Nbd7 8. b3
Re8 9. Bb2 Nf8 10. Rc1 Ng6 11. e3 Bg4 12. h3 Bd7 13. d4 e4 14. Nd2 d5 15. cxd5
cxd5 16. a4 Rc8 17. Qe2 Qa5 18. Na2 Bd6 19. Rxc8 Rxc8 20. Rc1 Rxc1+ 21. Bxc1
Ne7 22. Nb1 Nc6 23. Bf1 a6 24. Bd2 Qb6 25. Qd1 h5 26. Qc2 h4 27. Be1 g5 28.
gxh4 g4 29. hxg4 Nxg4 30. Nbc3 Be6 31. Bh3 Nh2 32. Bxe6 Nf3+ 33. Kf1 fxe6 34.
Nxe4 Nxe1 35. Kxe1 dxe4 36. f4 Ne7 37. Nc1 Bb4+ 38. Kd1 Qc6 39. Qg2+ Kf7 40.
Na2 Bd6 41. h5 Qd5 42. Kc2 Qxh5 43. Qxe4 Qe2+ 44. Kb1 Qd1+ 45. Kb2 Qd2+ 46. Kb1
Ba3 47. Qc2 Qe1+ 48. Nc1 Nd5 0-1

[Event "13sen.WMH 2003 Senioren"]
[Site "Bad Zwischenahn(17.11.-29.11.2003)"]
[Date "2003.11.29"]
[Round "10.22"]
[White "Karl, Hans[35SUI]"]
[Black "Limberg, Siegfried"]
[Result "1-0"]
[WhiteElo "2280"]
[BlackElo "2035"]
[PlyCount "79"]


1. d4 f5 2. Nc3 Nf6 3. Bg5 d5 4. e3 e6 5. Nf3 Be7 6. Ne5 Nbd7 7. Bf4 a6 8. h3
O-O 9. g4 Nxe5 10. Bxe5 Ne4 11. Nxe4 fxe4 12. Bg2 Bd6 13. Bxd6 Qxd6 14. Qd2 Bd7
15. c4 Rf7 16. O-O Raf8 17. Qe2 c6 18. b3 Qe7 19. f4 exf3 20. Rxf3 Rxf3 21.
Bxf3 Be8 22. Rf1 Bg6 23. Bg2 Rxf1+ 24. Qxf1 Qa3 25. Qf4 Qe7 26. c5 h6 27. b4
Kh7 28. Kh2 Qg5 29. Kg3 Qd8 30. h4 Kg8 31. Bh3 Bf7 32. g5 hxg5 33. hxg5 g6 34.
Qe5 Qd7 35. Kf4 Kf8 36. Qd6+ Ke8 37. Ke5 Qe7 38. Qb8+ Qd8 39. Qxd8+ Kxd8 40.
Bxe6 1-0

[Event "13sen.WMH 2003 Senioren"]
[Site "Bad Zwischenahn(17.11.-29.11.2003)"]
[Date "2003.11.29"]
[Round "10.23"]
[White "Kanko, Ilkka"]
[Black "Szczepaniec, Stanislaw"]
[Result "1-0"]
[WhiteElo "2264"]
[BlackElo "2206"]
[PlyCount "105"]


1. d4 Nf6 2. c4 g6 3. Nc3 Bg7 4. Bg5 O-O 5. e3 d6 6. Nf3 h6 7. Bh4 Nbd7 8. Qc2
c5 9. d5 g5 10. Bg3 Nh5 11. Be2 Ndf6 12. O-O Bd7 13. Nd2 Nxg3 14. fxg3 a6 15.
a4 b6 16. Nde4 Nxe4 17. Nxe4 f5 18. Nc3 Qe8 19. Bd3 e6 20. dxe6 Qxe6 21. Nd5
Kh8 22. Rf2 Rab8 23. Raf1 Qe5 24. b3 b5 25. axb5 axb5 26. Bxf5 Bc6 27. Qd3 bxc4
28. bxc4 Bxd5 29. cxd5 Rb4 30. Be6 Rxf2 31. Rxf2 c4 32. Qg6 Qa1+ 33. Rf1 Qa8
34. Rf7 Qa1+ 35. Rf1 Qa8 36. h4 gxh4 37. gxh4 Rb7 38. Bf5 Qg8 39. Bc2 Rb2 40.
Be4 c3 41. Rf2 Rxf2 42. Kxf2 Bf8 43. Qf5 Bg7 44. Ke2 Be5 45. g4 Qg7 46. g5 hxg5
47. hxg5 Kg8 48. Qc8+ Qf8 49. Bh7+ Kg7 50. Qh3 Kf7 51. Qe6+ Kg7 52. Bf5 Kh8 53.
Qg6 1-0

[Event "13sen.WMH 2003 Senioren"]
[Site "Bad Zwischenahn(17.11.-29.11.2003)"]
[Date "2003.11.29"]
[Round "10.24"]
[White "Hobusch, Werner"]
[Black "Kristiansen, Erling"]
[Result "1/2-1/2"]
[WhiteElo "1999"]
[BlackElo "2211"]
[PlyCount "33"]


1. e4 e5 2. Nf3 Nc6 3. Bb5 a6 4. Bxc6 dxc6 5. O-O f6 6. d4 exd4 7. Qxd4 Qxd4 8.
Nxd4 Bd7 9. Be3 O-O-O 10. Nc3 g6 11. Rad1 Re8 12. a3 Bg7 13. Rd2 Ne7 14. Rfd1
f5 15. Nde2 Be6 16. Bd4 Bh6 17. Bxh8 1/2-1/2

[Event "13sen.WMH 2003 Senioren"]
[Site "Bad Zwischenahn(17.11.-29.11.2003)"]
[Date "2003.??.??"]
[Round "10.25"]
[White "Klein, Manfred[40Siegb]"]
[Black "Semmler, Guenter"]
[Result "1-0"]
[WhiteElo "2137"]
[BlackElo "1951"]
[PlyCount "75"]


1. e4 d6 2. d4 Nf6 3. Nc3 e5 4. Nf3 Nbd7 5. Bc4 Be7 6. O-O O-O 7. Qe2 c6 8. a4
b6 9. h3 a6 10. Rd1 Qc7 11. Ba2 Bb7 12. Nh4 b5 13. Nf5 Rfe8 14. d5 cxd5 15.
Nxd5 Nxd5 16. Bxd5 Bxd5 17. Rxd5 Nf6 18. Rd3 Qc4 19. Bg5 Rad8 20. axb5 Qxb5 21.
Nxe7+ Rxe7 22. Bxf6 gxf6 23. Qg4+ Kf8 24. Rb3 Qc6 25. Qh4 Re6 26. Rc3 Qb6 27.
Qh6+ Ke7 28. Raa3 d5 29. Rab3 Qa7 30. exd5 Rxd5 31. Rc8 Rd8 32. Rxd8 Kxd8 33.
Qf8+ Kd7 34. Rd3+ Kc6 35. Qc8+ Kb6 36. Rb3+ Ka5 37. Qc3+ Ka4 38. Qb4# 1-0

[Event "13sen.WMH 2003 Senioren"]
[Site "Bad Zwischenahn(17.11.-29.11.2003)"]
[Date "2003.??.??"]
[Round "10.26"]
[White "Goy, Udo"]
[Black "Eidelmann, Vova"]
[Result "1-0"]
[WhiteElo "2180"]
[BlackElo "1930"]
[PlyCount "127"]


1. d4 g6 2. e4 c5 3. d5 d6 4. c4 Bg7 5. Be2 Nd7 6. Nf3 Ne5 7. Nfd2 f5 8. Nc3
Nf6 9. O-O O-O 10. h3 e6 11. f4 Nf7 12. exf5 exf5 13. Rb1 Re8 14. Bd3 Bd7 15.
Nf3 Ne4 16. Ne2 Rb8 17. b3 b5 18. Bb2 Bxb2 19. Rxb2 bxc4 20. Bxc4 Qf6 21. Rc2
a5 22. Kh2 a4 23. Ng3 axb3 24. axb3 Ra8 25. Re2 Re7 26. Qc1 Rae8 27. Qa1 Kg7
28. Qxf6+ Kxf6 29. Ra2 h6 30. h4 Nc3 31. Ra7 Bb5 32. Rfa1 Bxc4 33. bxc4 Ne2 34.
Nxe2 Rxe2 35. Rd7 R8e7 36. Rxe7 Kxe7 37. Re1 Re4 38. Kg3 Kf6 39. Rxe4 fxe4 40.
Nd2 Kf5 41. Nf1 e3 42. Kf3 e2 43. Ng3+ Kf6 44. Nxe2 g5 45. g3 Kf5 46. Nc3 gxf4
47. gxf4 h5 48. Ne4 Kg6 49. Ng3 Nh6 50. Ke4 Ng4 51. f5+ Kh6 52. Kd3 Ne5+ 53.
Kc3 Nf3 54. Ne4 Nxh4 55. Nxd6 Nf3 56. Kd3 Kg5 57. Ke4 Kg4 58. f6 h4 59. f7 Ng5+
60. Ke3 Nh7 61. Ne4 h3 62. Nf6+ Nxf6 63. f8=Q h2 64. Qxf6 1-0

[Event "13sen.WMH 2003 Senioren"]
[Site "Bad Zwischenahn(17.11.-29.11.2003)"]
[Date "2003.11.29"]
[Round "10.27"]
[White "Kruek, Josef"]
[Black "Sawadkuhi, Massoud Amir"]
[Result "1/2-1/2"]
[WhiteElo "1991"]
[BlackElo "2211"]
[PlyCount "116"]


1. e4 g6 2. d4 Bg7 3. Nc3 d6 4. Bc4 a6 5. Nf3 b5 6. Bd3 Nd7 7. O-O c5 8. Be3
Bb7 9. Qd2 b4 10. Ne2 Ngf6 11. e5 dxe5 12. dxe5 Ng4 13. e6 fxe6 14. Ng5 Nde5
15. Nxe6 Qd6 16. Nxg7+ Kf7 17. Nf4 Kxg7 18. Rad1 Rhf8 19. Be2 Qf6 20. c3 Rad8
21. Qc1 Qc6 22. f3 Rxd1 23. Rxd1 Nxe3 24. Qxe3 Qf6 25. Nd5 Bxd5 26. Rxd5 Nf7
27. Rxc5 Rd8 28. cxb4 Qxb2 29. Qc3+ Qxc3 30. Rxc3 Rd2 31. Bc4 Nd6 32. Bb3 Nf5
33. a4 Rb2 34. Rd3 Nd6 35. h4 h6 36. Kh2 g5 37. hxg5 hxg5 38. Kh3 Kg6 39. g3
Kg7 40. Kg4 Kf6 41. Re3 e5 42. Rd3 Nf5 43. b5 axb5 44. axb5 Rh2 45. f4 gxf4 46.
gxf4 e4 47. Rh3 Rg2+ 48. Kh5 Ng7+ 49. Kh6 Rg6+ 50. Kh7 Nf5 51. Bd5 Rg7+ 52. Kh8
e3 53. b6 Re7 54. b7 Re8+ 55. Kh7 e2 56. Rh1 Re7+ 57. Kh8 Re8+ 58. Kh7 Re7+
1/2-1/2

[Event "13sen.WMH 2003 Senioren"]
[Site "Bad Zwischenahn(17.11.-29.11.2003)"]
[Date "2003.11.29"]
[Round "10.29"]
[White "Dorawa, Bernhard"]
[Black "Hohler, Peter"]
[Result "1/2-1/2"]
[WhiteElo "1945"]
[BlackElo "2168"]
[PlyCount "59"]


1. e4 e5 2. Nf3 Nc6 3. Bb5 a6 4. Ba4 Nf6 5. O-O Be7 6. Bxc6 dxc6 7. Qe1 Nd7 8.
b3 c5 9. Bb2 f6 10. a4 b6 11. d3 O-O 12. Nbd2 Nb8 13. Nc4 Nc6 14. h3 Be6 15.
Ne3 Qd7 16. Qe2 Nd4 17. Nxd4 cxd4 18. Nc4 b5 19. Nd2 Bb4 20. Ba3 Bxa3 21. Rxa3
b4 22. Raa1 g5 23. g4 h5 24. f3 Qc6 25. Nc4 Kg7 26. Kg2 Rh8 27. Rh1 Rh7 28. Rh2
Rah8 29. Rah1 Qd7 30. Nb2 1/2-1/2

[Event "13sen.WMH 2003 Senioren"]
[Site "Bad Zwischenahn(17.11.-29.11.2003)"]
[Date "2003.11.29"]
[Round "10.30"]
[White "Maugg, Ludwig"]
[Black "Krueger, Erich"]
[Result "1-0"]
[WhiteElo "2043"]
[BlackElo "2140"]
[PlyCount "103"]


1. d4 Nf6 2. c4 g6 3. Nc3 Bg7 4. e4 d6 5. f3 O-O 6. Be3 e5 7. Nge2 c6 8. Qd2
Nbd7 9. d5 cxd5 10. cxd5 a6 11. g4 h5 12. h3 Nh7 13. Nc1 h4 14. Bd3 Bf6 15. Nb3
Bg5 16. O-O b5 17. a3 Kh8 18. Kg2 Nb6 19. Bxg5 Qxg5 20. Qxg5 Nxg5 21. Na5 f5
22. exf5 gxf5 23. f4 e4 24. Be2 Nh7 25. g5 Rg8 26. Kh2 Nf8 27. Rad1 Ng6 28. Nc6
Bd7 29. Nb4 Rgc8 30. Kg1 Nc4 31. Bxc4 Rxc4 32. Nc2 a5 33. Ne3 Rc5 34. Ne2 b4
35. axb4 axb4 36. Nd4 Ne7 37. Ne6 Rcc8 38. Rd4 Ra5 39. Rxb4 Nxd5 40. Nxd5 Rxd5
41. Nd4 e3 42. Re1 Re8 43. Nc2 e2 44. Nd4 Re4 45. Rb8+ Kg7 46. Nxe2 Bb5 47. Ra1
Re8 48. Rb7+ Kg6 49. Nc3 Bc6 50. Rc7 Rc5 51. Raa7 Rg8 52. Rh7 1-0

[Event "13sen.WMH 2003 Senioren"]
[Site "Bad Zwischenahn(17.11.-29.11.2003)"]
[Date "2003.11.29"]
[Round "10.31"]
[White "Potthammel, Joerg"]
[Black "Hamm, Georg,Dr."]
[Result "1-0"]
[WhiteElo "1972"]
[BlackElo "2025"]
[PlyCount "65"]


1. e4 g6 2. d4 Bg7 3. Nc3 d6 4. Be3 Nc6 5. f3 a6 6. Bc4 Rb8 7. a4 e5 8. d5 Nd4
9. Nge2 b5 10. Nxd4 exd4 11. Bxd4 Nf6 12. axb5 axb5 13. Bxb5+ Kf8 14. O-O h5
15. Bc6 Bd7 16. e5 dxe5 17. Bxe5 Bxc6 18. dxc6 Qe7 19. Re1 Qc5+ 20. Qd4 Qxc6
21. Ne4 Ne8 22. Bxg7+ Nxg7 23. Nf6 Rc8 24. Rad1 Nf5 25. Qe5 Rh6 26. Nd7+ Kg8
27. c3 Nd6 28. Qf4 Rh8 29. Re7 Nf5 30. Rxf7 Rh7 31. Rxh7 Kxh7 32. g4 hxg4 33.
fxg4 1-0

[Event "13sen.WMH 2003 Senioren"]
[Site "Bad Zwischenahn(17.11.-29.11.2003)"]
[Date "2003.11.29"]
[Round "10.32"]
[White "Wallhof, Dieter"]
[Black "Fahnenschmidt, Gerhard,Dr."]
[Result "1/2-1/2"]
[WhiteElo "1986"]
[BlackElo "2087"]
[PlyCount "79"]


1. e4 c5 2. Nf3 d6 3. d4 cxd4 4. Nxd4 Nf6 5. Nc3 g6 6. g3 Nc6 7. Bg2 Nxd4 8.
Qxd4 Bg7 9. h3 O-O 10. O-O Be6 11. Qd1 Rc8 12. Be3 b5 13. a3 a5 14. Qd2 Rc4 15.
b3 Rxc3 16. Qxc3 Nxe4 17. Qd3 Nc3 18. Rae1 Bf5 19. Qd2 Be4 20. Bd4 Bxg2 21.
Bxg7 Qc8 22. Bxf8 Bxf1 23. Qh6 Qxf8 24. Qxf8+ Kxf8 25. Kxf1 e5 26. Re3 b4 27.
axb4 axb4 28. Re1 Ke7 29. Ra1 Ke6 30. Ra7 h5 31. Rb7 Nd5 32. Ke2 e4 33. h4 f5
34. f4 exf3+ 35. Kxf3 Ke5 36. Rg7 Kf6 37. Rd7 Ke5 38. Rg7 Kf6 39. Rd7 Ke5 40.
Rg7 1/2-1/2

[Event "13sen.WMH 2003 Senioren"]
[Site "Bad Zwischenahn(17.11.-29.11.2003)"]
[Date "2003.11.29"]
[Round "10.33"]
[White "Bernhoeft, Erhard"]
[Black "Waisberg, Arnold"]
[Result "1/2-1/2"]
[WhiteElo "1947"]
[BlackElo "2014"]
[PlyCount "48"]


1. Nf3 f5 2. g3 Nf6 3. Bg2 Nc6 4. d3 e5 5. c3 Be7 6. Qb3 d5 7. Nbd2 O-O 8. e4
fxe4 9. dxe4 Kh8 10. exd5 Nxd5 11. O-O Nb6 12. Ne4 Qd5 13. Qxd5 Nxd5 14. Bg5
Nf6 15. Nxf6 Bxf6 16. Be3 Bg4 17. Nd2 Rad8 18. Rfe1 Be6 19. Ne4 Bd5 20. Nc5
Bxg2 21. Kxg2 Rfe8 22. Rad1 Rxd1 23. Rxd1 Rd8 24. Rxd8+ Nxd8 1/2-1/2

[Event "13sen.WMH 2003 Senioren"]
[Site "Bad Zwischenahn(17.11.-29.11.2003)"]
[Date "2003.??.??"]
[Round "10.34"]
[White "Zotin, Vladimir"]
[Black "Viner, Phillip"]
[Result "0-1"]
[WhiteElo "1882"]
[BlackElo "2127"]
[PlyCount "54"]


1. e4 e5 2. Bc4 Nf6 3. d4 exd4 4. Nf3 Nc6 5. e5 d5 6. exf6 dxc4 7. O-O Be6 8.
fxg7 Bxg7 9. Ng5 Qd5 10. Nxe6 fxe6 11. Qg4 O-O-O 12. Bf4 Rhg8 13. Qh3 Rdf8 14.
Bg3 h5 15. Re1 Rf5 16. Nd2 Kb8 17. Rad1 Nb4 18. Nf1 Nxc2 19. Re2 d3 20. Rxc2
dxc2 21. Rxd5 c1=Q 22. Rxf5 exf5 23. Qxf5 Rc8 24. Be5 Bxe5 25. Qxe5 h4 26. h3
b6 27. Qe2 Rd8 0-1

[Event "13sen.WMH 2003 Senioren"]
[Site "Bad Zwischenahn(17.11.-29.11.2003)"]
[Date "2003.11.29"]
[Round "10.36"]
[White "Ballon, Guenther Jan"]
[Black "Kuehn, Peter[38NBrandb]"]
[Result "1-0"]
[WhiteElo "2156"]
[BlackElo "1882"]
[PlyCount "59"]


1. d4 f5 2. g3 Nf6 3. Bg2 g6 4. c3 Bg7 5. Nd2 c6 6. Nh3 d6 7. O-O Na6 8. a4 Nc7
9. Qb3 d5 10. Nf4 O-O 11. Nd3 Kh8 12. Nf3 Nd7 13. Bf4 Ne6 14. Be5 Bxe5 15.
Nfxe5 Nxe5 16. Nxe5 Kg7 17. e3 Ng5 18. f3 Nf7 19. Nd3 Qc7 20. c4 dxc4 21. Qxc4
Bd7 22. b4 Qd6 23. Qc3 Kh6 24. Nc5 Qc7 25. e4 fxe4 26. fxe4 e5 27. d5 Kg7 28.
Rad1 Bg4 29. h3 Bc8 30. d6 1-0

[Event "13sen.WMH 2003 Senioren"]
[Site "Bad Zwischenahn(17.11.-29.11.2003)"]
[Date "2003.11.29"]
[Round "10.37"]
[White "Niebling, Ferdinand"]
[Black "Merettig, Georg"]
[Result "1/2-1/2"]
[WhiteElo "2068"]
[BlackElo "1816"]
[PlyCount "49"]


1. e4 c5 2. Nc3 b6 3. f4 Bb7 4. Nf3 g6 5. Bc4 Bg7 6. d3 Nc6 7. O-O a6 8. a3 e6
9. Qe1 Nge7 10. Bd2 O-O 11. Qh4 b5 12. Ba2 Rc8 13. f5 gxf5 14. Ng5 h6 15. Nh3
fxe4 16. Bxh6 Ng6 17. Qxd8 Rcxd8 18. Bxg7 Kxg7 19. Nxe4 d6 20. Nhg5 Nd4 21. c3
Ne2+ 22. Kh1 Nef4 23. g3 Nxd3 24. Kg1 d5 25. Rxf7+ 1/2-1/2

[Event "13sen.WMH 2003 Senioren"]
[Site "Bad Zwischenahn(17.11.-29.11.2003)"]
[Date "2003.11.29"]
[Round "10.38"]
[White "Sanakoev, Grigory"]
[Black "Schubert, Hans-Joachim[36AUT]"]
[Result "1/2-1/2"]
[WhiteElo "2264"]
[BlackElo "1805"]
[PlyCount "33"]


1. e4 e5 2. Nf3 Nc6 3. Bb5 a6 4. Ba4 d6 5. O-O Bd7 6. c3 g6 7. d4 Bg7 8. Bg5 f6
9. Be3 Nh6 10. dxe5 dxe5 11. Qc1 Nf7 12. Bc5 Bf8 13. Bxf8 Kxf8 14. Rd1 Qe7 15.
c4 Nd4 16. Nxd4 Bxa4 17. Nc2 1/2-1/2

[Event "13sen.WMH 2003 Senioren"]
[Site "Bad Zwischenahn(17.11.-29.11.2003)"]
[Date "2003.11.29"]
[Round "10.39"]
[White "Neese, Hans-Joachim"]
[Black "Frauenfelder, Rudolf"]
[Result "1-0"]
[WhiteElo "2132"]
[BlackElo "1926"]
[PlyCount "149"]


1. d4 Nf6 2. c4 e6 3. Nf3 Bb4+ 4. Nbd2 b6 5. a3 Bxd2+ 6. Nxd2 Bb7 7. e3 d6 8.
b4 a5 9. b5 c6 10. Be2 Nbd7 11. O-O O-O 12. Bb2 Rc8 13. Bf3 Qc7 14. Rc1 Qb8 15.
bxc6 Bxc6 16. e4 e5 17. d5 Bb7 18. Re1 Ba6 19. Rc3 Nc5 20. Qc2 Qc7 21. Nf1 Qd7
22. Bd1 Qe7 23. Bc1 Rc7 24. Bg5 h6 25. Bh4 Ncd7 26. Ne3 Rfc8 27. Be2 Qf8 28.
Rc1 g6 29. f3 Nh5 30. Bf1 Qe8 31. Qd2 Kh7 32. Ng4 Qf8 33. Bf2 Rb7 34. Rb1 Rcb8
35. Rcb3 g5 36. R3b2 Qd8 37. Ne3 Ng7 38. g3 f6 39. Nd1 Kg8 40. Nc3 Qe7 41. Na4
Qd8 42. c5 Bxf1 43. c6 Bh3 44. cxb7 Rxb7 45. Nxb6 f5 46. Nc4 Rxb2 47. Qxb2 fxe4
48. fxe4 Qf6 49. Qe2 h5 50. Nxa5 Bg4 51. Qd3 h4 52. Nc4 Nh5 53. Nd2 hxg3 54.
hxg3 Qg6 55. a4 Nhf6 56. a5 Qh5 57. Re1 Bd1 58. Nf1 Bf3 59. Nh2 Bxe4 60. Rxe4
Nxe4 61. Qxe4 Nf6 62. Qf3 Qxf3 63. Nxf3 g4 64. Ng5 Nxd5 65. Ne4 Kf7 66. Nxd6+
Ke6 67. Nb5 Kd7 68. a6 Kc6 69. a7 Kb7 70. Nd6+ Ka8 71. Ne4 Kb7 72. Bc5 Ka8 73.
Kf2 Kb7 74. Ke2 Ka8 75. Kd3 1-0